| 000 | 01330cab a22002895a 4500 | ||
|---|---|---|---|
| 001 | L144255 | ||
| 008 | 080707s2008 xxk f v 000 0 eng d | ||
| 035 | _a(Sirsi) u144255 | ||
| 041 | 0 | _aeng | |
| 100 | 1 | _aAllen, Sarah | |
| 245 | 0 | 0 | _aCommercial property cases round-up |
| 260 | _c2008 | ||
| 490 | 0 |
_aSolicitors Journal _vJune 2008, 16-18(2) |
|
| 520 | _aReviews recent landlord and tenant cases. Considers three issues: consent to assignment of a commercial lease; the formalities for lease creation, including whether the rent reserved was a market rent under the Landlord and Tenant Act 1954; the right to use estate roads which, provide vehicular access to a property. Discusses the points to consider for each issue in turn. | ||
| 590 | _aKA | ||
| 650 | 2 | 4 | _aLOOE FUELS V LOOE HARBOUR COMMISSIONERS |
| 650 | 2 | 4 | _aLANDLORD AND TENANT ACT 1954 |
| 650 | 2 | 4 | _aROYAL BANK OF SCOTLAND PLC V VICTORIA STREET (NO. 3) LTD |
| 650 | 2 | 4 | _aLANDLORD AND TENANT ACT 1927 |
| 650 | 2 | 4 | _aLANDLORD AND TENANT (COVENANTS) ACT 1995 |
| 650 | 2 | 4 | _aLAW OF PROPERTY ACT 1925 |
| 650 | 2 | 4 | _aFITZKRISTON LLP V PANAYI |
| 651 | 4 |
_aEngland and Wales _y1543- |
|
| 690 |
_aBoundary disputes _96221 |
||
| 690 | _aPROPERTY-COMMERCIAL PROPERTY-COMMERCIAL LANDLORD AND TENANT-COMMERCIAL LEASES-ASSIGNMENT OF COMMERCIAL LEASES | ||
| 942 | _n0 | ||
| 999 |
_c80402 _d80402 |
||